1272 1699 1926 1854 1536 1694 1638 1138 1925 1978 1927 1571 1943 1833 1158 1884 1078 1388 1499 1228 1733 1451 1156 1567 1901 1659 1804 1441 1900 1763 1973 1489 1229 1055 1118 1764 1205 1222 1805 1442 1334 1531 1331 1884 1246 1288 1293 1269 1655 1252 1609 1626 1231 1176 1638 1740 1720 1109 1243 1280 1640 1709 1347 1457 1303 1776 1726 1727 1249 1993 1522 1860 1003 1291 1963 1737 1140 1536 1424 1489 1702 1640 1666 1384 1270 1803 1109 1032 1632 1360 1896 1196 1543 1523 1725 1693 1276 1854 1700 BCNSPRNW ULIB Ver.6.0+V

เปลี่ยนเป็นภาษาไทย

Change to English
 แสดงรายละเอียดบรรณานุกรม
  กลับหน้าหลัก

Brief Record : Get Marc (ISO 2709) : E-mail record : QR code < ปิดหน้าต่าง
LEADER : 00000nam 2200000uu 4500
001    13399113300
003     ULIB
008    111006s2543||||th 000 0 tha d
020    9742932999
050  4 TS156^bอ223ค 2543
100 0  อนุวัฒน์ ศุภชุติกุล
245 10 เครื่องมือพัฒนาคุณภาพ /^cอนุวัฒน์ ศุภชุติกุล
250    พิมพ์ครั้งที่ 1
260    นนทบุรี :^bสถาบันพัฒนาและรับรองคุณภาพโรงพยาบาล,^c2543
300    (6), 152 หน้า ;^c24 ซม.
440  0 การพัฒนาคุณภาพบริการโรงพยาบาล
591    LIAD มี
591    LIRA มีฉบับพิมพ์ครั้งที่1 (พ.ศ. 2543), ฉบับพิมพ์ครั้งที่ 2 (พ.ศ. 2543)
591    LIAD : มี ฉบับพิมพ์ครั้งที่ 2 (พ.ศ. 2543)
650  0 Quality control^xStatistical methods
650  0 Quality control^xHandbook, manuals, etc.
650  4 การควบคุมคุณภาพ
650  4 โรงพยาบาล^xการประกันคุณภาพ
710 2  สถาบันพัฒนาและรับรองคุณภาพโรงพยาบาล
945    ^p150^l0^i018465
995    ทศพร
999 ^a ทศพร
รายการนี้ยังไม่มีแท็ก
คุณยังไม่ได้ล็อกอิน คุณสามารถมีกิจกรรมร่วมกับเว็บไซต์ได้ แต่ต้องล็อกอินก่อน ::
  ล็อกอิน

รายการสื่อสารสนเทศ

ลำดับที่ ประเภท เลขเรียก/บาร์โค้ด สถานที่ สถานะ
- ไม่พบข้อมูล -

รายการใกล้เคียง
    ผู้แต่ง [อนุวัฒน์ ศุภชุติกุล]

    หัวเรื่อง [การควบคุมคุณภาพ]

BibComment


ยังไม่เคยถูกคอมเมนท์

คอมเมนท์ทรัพยากรรายการนี้
  คอมเมนท์: เครื่องมือพัฒนาคุ..


 Copyright 2026. Bcnsprnw @Library